Územné plánovanie vo vzťahu k tvorbe a ochrane prírody na Slovensku
Saved in:
| Main Author: | |
|---|---|
| Format: | Book |
| Language: | Slovak |
| Published: |
Bratislava
Obzor
1974
|
| Tags: |
No Tags, Be the first to tag this record!
|
MARC
| LEADER | 00000nam a2200000 4500 | ||
|---|---|---|---|
| 001 | c120567 | ||
| 005 | 20221128071457.5 | ||
| 041 | 0 | |a slo | |
| 044 | |a SK | ||
| 245 | 1 | 0 | |a Územné plánovanie vo vzťahu k tvorbe a ochrane prírody na Slovensku |c Ivan Michalec |
| 264 | 1 | |a Bratislava |b Obzor |c 1974 | |
| 300 | |a 121 s. | ||
| 100 | 1 | |a Michalec, Ivan | |